[Event "Sukhumi op"]
[Site "Sukhumi"]
[Date "2008.08.11"]
[Round "8"]
[White "Zukhba, Daur"]
[Black "Romanov, Mikhail"]
[Result "0-1"]
[WhiteElo "2118"]
[BlackElo "2182"]
[PlyCount "90"]
[EventDate "2008.08.03"]
[EventType "swiss"]
[EventRounds "9"]
[EventCountry "GEO"]
[SourceTitle "CBM 126 Extra"]
[Source "ChessBase"]
[SourceDate "2008.11.05"]
[SourceVersion "1"]
[SourceVersionDate "2008.11.05"]
[SourceQuality "1"]

1. d4 Nf6 2. Nf3 g6 3. e3 Bg7 4. Bd3 d6 5. 0-0 0-0 6. h3 c6 7. Nbd2 Nbd7 8. c3 Qc7 9. Qc2 Nh5 10. Nb3 f5 11. e4 fxe4 12. Bxe4 d5 13. Bd3 Nf4 14. Bxf4 Qxf4 15. Qd2 Qxd2 16. Nbxd2 e5 17. dxe5 Nxe5 18. Nxe5 Bxe5 19. Rfe1 Bd6 20. Re2 Bd7 21. Rae1 Rf7 22. c4 Raf8 23. Nb3 Kg7 24. c5 Bc7 25. Re7 Bd8 26. Rxf7+ Rxf7 27. Nd2 Bf6 28. Nf3 Re7 29. Rxe7+ Bxe7 30. Ne5 Be8 31. b4 Bf6 32. Ng4 Bc3 33. a3 Bb2 34. a4 Ba3 35. b5 Bxc5 36. Kf1 Bd4 37. f4 c5 38. Nh2 c4 39. Bc2 Bc5 40. Nf3 a6 41. bxa6 bxa6 42. Ng5 Bd7 43. Nf3 Bd6 44. Ne5 Bxe5 45. fxe5 Kf7 0-1

[Event "Sukhumi op"]
[Site "Sukhumi"]
[Date "2008.08.07"]
[Round "5"]
[White "Zukhba, Daur"]
[Black "Tabaryan, Artem"]
[Result "0-1"]
[WhiteElo "2118"]
[BlackElo "2238"]
[PlyCount "68"]
[EventDate "2008.08.03"]
[EventType "swiss"]
[EventRounds "9"]
[EventCountry "GEO"]
[SourceTitle "CBM 126 Extra"]
[Source "ChessBase"]
[SourceDate "2008.11.05"]
[SourceVersion "1"]
[SourceVersionDate "2008.11.05"]
[SourceQuality "1"]

1. e4 e6 2. Nf3 d5 3. e5 c5 4. Bb5+ Bd7 5. Bxd7+ Nxd7 6. 0-0 Qc7 7. Re1 Ne7 8. c3 Nc6 9. d4 Be7 10. a3 0-0 11. b4 cxd4 12. cxd4 b5 13. Qd3 Rfb8 14. Nc3 a6 15. Bg5 Nb6 16. Bxe7 Qxe7 17. Nd2 Nc4 18. Nxc4 bxc4 19. Qd2 Na7 20. Na4 a5 21. Nc5 Nc6 22. Rab1 axb4 23. axb4 Rb5 24. Rb2 h6 25. f4 Ra3 26. Rc1 Qh4 27. g3 Qg4 28. Ra2 Rxa2 29. Qxa2 Nxd4 30. Qa8+ Kh7 31. Nd7 Kg6 32. Qe8 Ne2+ 33. Kf2 Kf5 34. Qxf7+ Ke4 0-1

[Event "Sukhumi op"]
[Site "Sukhumi"]
[Date "2008.08.04"]
[Round "2"]
[White "Kondratenko, Anatoly"]
[Black "Zukhba, Daur"]
[Result "1-0"]
[WhiteElo "2182"]
[BlackElo "2118"]
[PlyCount "45"]
[EventDate "2008.08.03"]
[EventType "swiss"]
[EventRounds "9"]
[EventCountry "GEO"]
[SourceTitle "CBM 126 Extra"]
[Source "ChessBase"]
[SourceDate "2008.11.05"]
[SourceVersion "1"]
[SourceVersionDate "2008.11.05"]
[SourceQuality "1"]

1. e4 c6 2. c4 d5 3. cxd5 cxd5 4. exd5 Nf6 5. Qa4+ Bd7 6. Qb3 Qc7 7. Nc3 a6 8. Nf3 b5 9. d4 Qd6 10. g3 Qb6 11. Bg2 b4 12. 0-0 Qa5 13. Ne5 Ra7 14. Nc4 Qd8 15. Re1 e6 16. Bf4 bxc3 17. dxe6 Bxe6 18. Qxb8 cxb2 19. Bc6+ Nd7 20. Qxb2 Be7 21. d5 Bf6 22. dxe6 fxe6 23. Qe2 1-0